000 00425nam a2200181Ia 4500
001 1946
005 20260306143806.0
008 260306t2015||||xx |||||||||||||| ||spa||
041 _aESP
082 _a158.3
_bS25
100 _aSantos, Esperanza
_eAUT
245 0 _aCounselling y cuidados paliativos
260 _c2015
300 _a164 páginas :
_c22 cm.
650 _aGEN
654 _aCPS
942 _cLIB
_dJUS
_fJUS
_2ddc
_n
999 _c1946
_d1946